000 00905cam a2200253 a 4500
001 000005938
005 20200929151841.0
008 900803s1981 sp 001 p spa
020 _a8400051238
040 _aDO-SdBNP
_cDLC
_dDLC
082 _a861.64
_bC198e
100 1 _aCampos Merino, Julián.
_916733
245 1 0 _aEstación del alba /
_cJulián Campos Merino.
260 _aZaragoza, España :
_bInstitución "Fernando el Católico",
_c1981.
300 _a57 p. ;
_c25 cm.
490 1 _a"San Jorge"
_vvol. 28
490 1 _aPublicación de la Institución "Fernando el Católico"
_vno. 855
586 _aPremio "San Jorge", 1981.
650 4 _aPoesía española
_9631
650 4 _aLiteratura española
_ySIGLO XXI
_94846
830 0 _a"San Jorge" ;
_vvol. 28.
_914363
830 0 _aPublicación de la Institución "Fernando el Católico"
_vno. 855.
_913716
910 _aCatalogación por copia / LC
999 _c5734
_d5734